Markets (Record no. 82443)

MARC details
000 -LEADER
fixed length control field 01117cam a22002055a 4500
001 - CONTROL NUMBER
control field L150294
008 - FIXED-LENGTH DATA ELEMENTS--GENERAL INFORMATION
fixed length control field 100623e2010 xxk 000 0 eng d
035 ## - SYSTEM CONTROL NUMBER
System control number (Sirsi) u150294
041 0# - LANGUAGE CODE
Language code of text/sound track or separate title eng
100 1# - MAIN ENTRY--PERSONAL NAME
Personal name Sandher, Hardeep
245 00 - TITLE STATEMENT
Title Markets
Remainder of title Yorkshire
260 ## - PUBLICATION, DISTRIBUTION, ETC.
Date of publication, distribution, etc. 2010
490 #0 - SERIES STATEMENT
Series statement Property Week
Volume/sequential designation 76(24)18 June 2010, 47-54(5)
520 ## - SUMMARY, ETC.
Summary, etc. MEPC have submitted new plans for Leeds' Wellington Place development. Vacancy rate at Doncaster's Frenchgate shopping centre limited to just 4% while plans for Doncaster's £300m civic and cultural quarter are now council approved. Town Centre Securities concentrates on making its Leeds mixed-use Merrion Centre a commercial success. Munroe K's 35 000 sq ft Leeds White Rose Office Park is paused awaiting new building regulations. Leeds office investment market has performed well in Q1 2010 with prospects in Q2 brighter still. Big sheds are back in demand in the Yorkshire's industrial sector.
590 ## - LOCAL NOTE (RLIN)
Local note KA
651 #4 - SUBJECT ADDED ENTRY--GEOGRAPHIC NAME
Geographic name Yorkshire
Chronological subdivision 1888-
690 ## - LOCAL SUBJECT ADDED ENTRY--TOPICAL TERM (OCLC, RLIN)
Topical term or geographic name as entry element PROPERTY-COMMERCIAL PROPERTY-COMMERCIAL PROPERTY MARKET
700 1# - ADDED ENTRY--PERSONAL NAME
Personal name Ziff, Edward
942 ## - ADDED ENTRY ELEMENTS (KOHA)
Suppress in OPAC 0
Holdings
Withdrawn status Lost status Source of classification or shelving scheme Damaged status Not for loan Home library Current library Shelving location Date acquired Total Checkouts Full call number Barcode Date last seen Copy number Price effective from Koha item type
    Dewey Decimal Classification     London London Journal article 23/06/2010   L150294 150294-1001 06/08/2019 1 06/08/2019 Journal article